Pinocchio / (Record no. 106125)
[ view plain ]
| 000 -LEADER | |
|---|---|
| fixed length control field | 00362nam a2200133 a 4500 |
| 005 - DATE AND TIME OF LATEST TRANSACTION | |
| control field | 20140412111423.0 |
| 008 - FIXED-LENGTH DATA ELEMENTS--GENERAL INFORMATION | |
| fixed length control field | 080124s19uu xx 00 eng d |
| 020 ## - INTERNATIONAL STANDARD BOOK NUMBER | |
| International Standard Book Number | 1-56144-361-1 |
| 050 ## - LIBRARY OF CONGRESS CALL NUMBER | |
| Classification number | ER |
| Item number | Pi65 1994 |
| 245 ## - TITLE STATEMENT | |
| Title | Pinocchio / |
| Statement of responsibility, etc | Illustrated by Ethel Gold. |
| 260 ## - PUBLICATION, DISTRIBUTION, ETC. (IMPRINT) | |
| Place of publication, distribution, etc | Italy : |
| Name of publisher, distributor, etc | Modern pub, |
| Date of publication, distribution, etc | 1994. |
| 440 ## - SERIES STATEMENT/ADDED ENTRY--TITLE | |
| Title | Treasury of fairy tales |
| Withdrawn status | Lost status | Damaged status | Home library | Current library | Shelving location | Date acquired | Source of acquisition | Total Checkouts | Full call number | Barcode | Date last seen | Price effective from | Koha item type |
|---|---|---|---|---|---|---|---|---|---|---|---|---|---|
| Elizalde Library | Elizalde Library | Easy Reading Section | 01/24/2008 | ER Pi65 1994 | E11248 | 04/12/2014 | 04/12/2014 | Books |